| 000 -Etiqueta do registo | |
|---|---|
| campo de controlo de comprimento fixo | 00400 2200157 4500 |
| 001 - Identificador do registo | |
| Campo de controlo | 75485 |
| 005 - Identificador da versão | |
| Campo de controlo | 20260213150936.0 |
| 010 ## - ISBN | |
| Número (ISBN) | 9789895832330 |
| 100 ## - Dados Gerais de Proc. | |
| Dados gerais de processamento | 20260213d2024 c||y0pory50 ba |
| 200 ## - Título | |
| Título próprio | Benjamim e Papoila - Tão diferentes e tão amigos |
| Primeira menção de responsabilidade | Matthew Cordell |
| 205 ## - Menção da edição | |
| Menção da edição | 1ªed |
| 210 ## - Publicação, Distribuição | |
| Lugar da edição, distribuição, etc. | Lisboa |
| Nome do editor, distribuidor, etc. | Nuvem de Letras |
| Data da publicação, distribuição, etc. | 2024 |
| 215 ## - Descrição física | |
| Descrição física | 80p. |
| 675 ## - CDU | |
| Notação | 82 |
| Edição | 1ªed |
| 090 ## - Números de controlo do sistema (Koha) | |
| Número biblioitem do Koha (gerado automaticamente) | 75485 |
| 942 ## - Elementos de entrada adicionados (Koha) | |
| Tipo de item no Koha | Monografias |
| Suprimido | Disponível no OPAC |
| Removido (estado) | Perdido (estado) | Data de aquisição | Origem do registo (biblioteca) (codificado) | Código da organização que empresta ou é detentora (biblioteca) | Código de barras | Número de inventário | Cota | Data de empréstimo ou depósito | Termo da data do empréstimo | Tipo de circulação (não pode ser emprestado) | Tipo de item e material |
|---|---|---|---|---|---|---|---|---|---|---|---|
| Disponível | Disponível | 2026-02-13 | Biblioteca EB23 D. Manuel I | Biblioteca EB23 D. Manuel I | BEBDMI9697 | 9697 | I - 3 COR | 2026-02-27 | 2026-03-20 | Normal | Monografias |